Statistics for Cities in the Chicago Metro Area on a Map

Click here to take the quiz!

General Stats

  • This quiz has been taken 907 times
    (246 since last reset)
  • The average score is 14 of 25

Answers on the Map

Answers color-coded by a green-red scale on the quiz's map according to % correct below.
 

Answer Stats

CityPopulation% Correct
Chicago2,746,388
100%
Gary69,093
92%
Naperville149,540
88%
Evanston78,110
82%
Aurora180,542
81%
Joliet150,362
78%
Kenosha99,986
78%
Waukegan89,321
68%
Elgin114,797
67%
Cicero85,268
66%
Schaumburg78,723
63%
Hammond77,879
59%
Oak Park54,583
57%
Skokie67,824
54%
Arlington Heights77,676
46%
Bolingbrook73,922
44%
Des Plaines60,675
41%
Palatine67,908
41%
Oak Lawn58,362
39%
Orland Park58,703
35%
Tinley Park55,971
35%
Berwyn57,250
34%
Wheaton53,970
31%
Mount Prospect56,852
29%
Downers Grove50,247
27%

Score Distribution

Percentile by Number Answered

Percent of People with Each Score

Your Score History

You have not taken this quiz since the last reset